000 01058cam a2200289 4500
001 2489235
003 ARRUPE
005 20161102103513.0
008 731001s1967 enk b 100 0 eng
010 _a 67099162 //r942
015 _aB67-8963
035 _a(OCoLC)ocm00957686
035 _a(NNC)2489235
040 _aDLC
_cDLC
_dUKM
_dZCU
050 0 0 _aBX830.1962.A45
_bL55
082 0 0 _a261.7/2
100 1 _aMcDonagh, Enda.
_927196
245 1 4 _aThe declaration on religious freedom of Vatican Council II:
_bthe text with commentary in the context of the church-state discussion.
_cEnda McDonagh
260 _aLondon,
_bDarton, Longman & Todd,
_c1967.
300 _a155 p.
_c19 cm.
504 _aBibliographical footnotes.
650 0 _aVatican Council, 2nd.
_xDecrees
_xCommentaries
_917478
650 0 _aVatican Council, 2nd.
_xReligious freedom
_927197
711 2 2 _aVatican Council
_n(2nd :
_d1962-1965 :
_cBasilica di San Pietro in Vaticano).
_tDeclaratio de libertate religiosa.
_lEnglish.
_927198
942 _2lcc
_cMONOGRAPH
999 _c125638
_d125638